| 000 | 01902cam a2200457Ma 4500 | ||
|---|---|---|---|
| 003 | PHURS | ||
| 005 | 20221125083340.0 | ||
| 008 | 140206s2012 enk ob 001 0 eng d | ||
| 040 |
_aTYFRS _beng _epn _cTYFRS _dOCLCO _dYDXCP _dOCLCQ _dOCLCF _dOCLCQ _dTYFRS _dLEAUB _dOCLCQ _dJSTOR |
||
| 020 |
_a9780203143490 _q(electronic bk.) |
||
| 020 |
_a0203143493 _q(electronic bk.) |
||
| 020 |
_a9789004433823 _q(electronic bk.) |
||
| 020 |
_a9004433821 _q(electronic bk.) |
||
| 020 |
_z9780415690379 _q(hardback) |
||
| 050 | 4 |
_aKZ21 _b.A85 2012 |
|
| 245 | 0 | 0 |
_aAsian yearbook of international law. _nVolume 15, _p2009 / _cgeneral editors, B.S. Chimni, Miyoshi Masahiro, Javaid Rehman ; assistant editor, Sundrasegaram Paramalingam. |
| 260 |
_aLondon : _bRoutledge, _c2012. |
||
| 300 | _a1 online resource (xii, 345 pages) | ||
| 336 |
_atext _btxt _2rdacontent |
||
| 337 |
_acomputer _bc _2rdamedia |
||
| 338 |
_aonline resource _bcr _2rdacarrier |
||
| 490 | 0 |
_aAsian yearbook of international law ; _vv. 15 |
|
| 500 | _a"Published under the auspices of the Foundation for the Development of International Law in Asia (DILA)." | ||
| 504 | _aIncludes bibliographical references and index. | ||
| 505 | 0 | _aArticles -- Editorial note -- Legal materials -- Literature. | |
| 590 |
_aJSTOR _bBooks at JSTOR Open Access |
||
| 650 | 0 |
_aInternational law _zAsia _vPeriodicals. |
|
| 650 | 0 |
_aInternational law _vPeriodicals. |
|
| 650 | 7 | _aInternational law. | |
| 651 | 7 | _aAsia. | |
| 655 | 4 | _aElectronic books. | |
| 655 | 7 | _aPeriodicals. | |
| 700 | 1 | _aChimni, B. S., | |
| 700 | 1 | _aMasahiro, Miyoshi. | |
| 700 | 1 | _aRehman, Javaid. | |
| 700 | 1 | _aParamalingam, Sandrasegaram. | |
| 710 | 2 |
_aFoundation for the Development of International Law in Asia. _0http://id.loc.gov/authorities/names/no93013463 |
|
| 856 | 4 | 0 | _uhttps://www.jstor.org/stable/10.1163/j.ctv2gjx0fp |
| 942 |
_2lcc _cE-BOOK |
||
| 994 |
_a92 _bPHURS |
||
| 999 |
_c57232 _d57232 |
||